Die Brücke von Mantible /

Hlavní autor: Calderón de la Barca, Pedro, 1600-1681
Další autoři: Schlegel, August Wilhelm von, 1767-1845
Jazyk: Němčina
Vydáno: Wien : Bey J.P. Sollinger, 1827
Edice: Don Pedro Calderon de la Barca's Schauspiele
Témata:
Fyzický popis: 112 stran ; 15 cm
Language note: Tištěno švabachem
Knihy
Uloženo v:
LEADER 01291nam a22003617i 4500
001 001824769
003 CZ BrMZK
005 20220525131445.0
007 ta
008 220525s1827 xr er|||||||||||ger d
040 |a BOA001  |b cze  |e rda 
041 1 |a ger  |h spa 
072 7 |a 821.134.2-2  |x Španělské drama, španělsky psané  |2 Konspekt  |9 25 
080 |a 821.134.2-2  |2 MRF 
080 |a (0:82-2)  |2 MRF 
100 1 |a Calderón de la Barca, Pedro,  |d 1600-1681  |7 jn19990001296  |4 aut 
245 1 4 |a Die Brücke von Mantible /  |c Calderon de la Barca ; [übersetzt] von A.W. Schlegel 
264 1 |a Wien :  |b Bey J.P. Sollinger,  |c 1827 
300 |a 112 stran ;  |c 15 cm 
336 |a text  |b txt  |2 rdacontent 
337 |a bez média  |b n  |2 rdamedia 
338 |a svazek  |b nc  |2 rdacarrier 
490 1 |a Don Pedro Calderon de la Barca's Schauspiele ;  |v 23. Bändchen 
501 |a Přívazek k: Das öffentliche Geheimniss 
546 |a Tištěno švabachem 
655 7 |a španělská dramata  |7 fd133912  |2 czenas 
700 1 |a Schlegel, August Wilhelm von,  |d 1767-1845  |7 jn19990007622  |4 trl 
830 0 |a Don Pedro Calderon de la Barca's Schauspiele 
910 |a BOA001  |b 1-0035.771,21-25,přív.2 
990 |a BK 
993 |a Y 
991 |b 202205 
994 |a UP  |l MZK01  |b 001824764  |m přívazek 2  |n záznam 1. díla